Manual de patología general / (Registro nro. 112758)

Detalles MARC
000 -LEADER
campo de control de longitud fija 00652nam a2200193 i 4500
001 - NÚMERO DE CONTROL
campo de control 112758
003 - IDENTIFICADOR DE NÚMERO DE CONTROL
campo de control ES-MaACL
005 - FECHA Y HORA DE LA ÚLTIMA TRANSACCIÓN
campo de control 20250816063137.0
008 - DATOS DE LONGITUD FIJA--INFORMACIÓN GENERAL
campo de control de longitud fija 061121s1930 sp a |||| | spa d
100 1# - ENTRADA PRINCIPAL--NOMBRE DE PERSONA
Nombre de persona Nóvoa Santos, Roberto,
Fechas asociadas al nombre 1885-1933
9 (RLIN) 86096
245 10 - MENCIÓN DEL TÍTULO
Título Manual de patología general /
Mención de responsabilidad, etc. publicado por el Prof. Dr. Méd. R. Nóvoa Santos.
250 ## - MENCION DE EDICION
Mención de edición 5ª ed., rev. y puesta al día.
260 ## - PUBLICACIÓN, DISTRIBUCIÓN, ETC.
Lugar de publicación, distribución, etc. [Santiago :
Nombre del editor, distribuidor, etc. s. n.],
Fecha de publicación, distribución, etc. 1930 (
Fabricante Tip. El Eco de Santiago)
300 ## - DESCRIPCIÓN FÍSICA
Extensión 2 v. :
Otras características físicas il. ;
Dimensiones 25 cm.
650 07 - PUNTO DE ACCESO ADICIONAL DE MATERIA--TÉRMINO DE MATERIA
Término de materia o nombre geográfico como elemento de entrada Enfermedades
Fuente del encabezamiento o término embne
9 (RLIN) 12257
650 04 - PUNTO DE ACCESO ADICIONAL DE MATERIA--TÉRMINO DE MATERIA
Término de materia o nombre geográfico como elemento de entrada Patología.
9 (RLIN) 15884
852 ## - LOCALIZACIÓN
Ubicación ES-MaACL
Número de control de estantería E-1698-99
Existencias
Estatus retirado Estado de pérdida Estado de daño No para préstamo Biblioteca de origen Biblioteca actual Ubicación en estantería Fecha de adquisición Fuente de adquisición Total de préstamos Signatura topográfica completa Código de barras Visto por última vez Precio de reemplazo Tipo de ítem Koha
        Biblioteca del Ateneo de Madrid Biblioteca del Ateneo de Madrid Depósito 2 17/01/2008     E-1698-99 1117616 23/02/2023 23/02/2023 Libro impreso